1506 1626 1406 1619 1629 1764 1972 1262 1266 1533 1572 1812 1742 1086 1714 1823 1121 1410 1064 1274 1320 1709 1840 1805 1548 1662 1523 1375 1059 1199 1731 1993 1471 1379 1432 1229 1691 1043 1909 1637 1185 1577 1773 1975 1413 1605 1196 1996 1000 1202 1026 1185 1370 1248 1077 1736 1183 1972 1263 1788 1119 1820 1990 1983 1188 1423 1618 1933 1837 1267 1064 1176 1315 1204 1094 1254 1384 1530 1889 1364 1699 1292 1395 1304 1405 1144 1575 1718 1469 1468 1914 1777 1797 1673 1819 1763 1824 1834 1279 BCNSPRNW ULIB Ver.6.0+V

เปลี่ยนเป็นภาษาไทย

Change to English
 แสดงรายละเอียดบรรณานุกรม
  กลับหน้าหลัก

Brief Record : Get Marc (ISO 2709) : E-mail record : QR code < ปิดหน้าต่าง
LEADER : 00000nam 2200000uu 4500
001    13399128545
003     ULIB
008    230906s2565||||th 000 0 tha d
020    ^a9786160455683
060    ^aWM171^bค989ภ
100    ^aไคลแมน แคเรน
245    ^aภาวะซึมเศร้าหลังคลอด/^cไคลแมน แคเรน
250    ^aพิมพ์ครั้งที่ 1
260    ^aกรุงเทพฯ :^bนานมีบุ๊คส์,^c2565
300    ^a416 หน้า;^b19 ซม.
650    ^aภาวะซึมเศร้า
650    ^aภาวะซึมเศร้าหลังคลอด
945    ^p385^l0^i29697
945    ^p385^l0^i29698
945    ^p385^l0^i29699
999    ^aกัณชพร จุลอักษร
รายการนี้ยังไม่มีแท็ก
คุณยังไม่ได้ล็อกอิน คุณสามารถมีกิจกรรมร่วมกับเว็บไซต์ได้ แต่ต้องล็อกอินก่อน ::
  ล็อกอิน

รายการสื่อสารสนเทศ

ลำดับที่ ประเภท เลขเรียก/บาร์โค้ด สถานที่ สถานะ
1. หนังสือสำรอง
หนังสือสำรอง
WM171 ค989ภ ฉ.1 
  Barcode: 29697
ห้องสมุดวิทยาเขตนครสวรรค์
►หนังสือทั่วไป:l:General Books
บนชั้น
2. วิทยาศาสตร์การแพทย์ และสุขภาพ
วิทยาศาสตร์การแพทย์ และสุขภาพ
WM171 ค989ภ ฉ.2 
  Barcode: 29698
ห้องสมุดวิทยาเขตนครสวรรค์
►หนังสือทั่วไป:l:General Books
บนชั้น
3. วิทยาศาสตร์การแพทย์ และสุขภาพ
วิทยาศาสตร์การแพทย์ และสุขภาพ
WM171 ค989ภ ฉ.3 
  Barcode: 29699
ห้องสมุดวิทยาเขตนครสวรรค์
►หนังสือทั่วไป:l:General Books
บนชั้น

รายการใกล้เคียง
    ผู้แต่ง [ไคลแมน แคเรน]

    หัวเรื่อง [ภาวะซึมเศร้า]
    หัวเรื่อง [ภาวะซึมเศร้าหลังคลอด]

BibComment


ยังไม่เคยถูกคอมเมนท์

คอมเมนท์ทรัพยากรรายการนี้
  คอมเมนท์: ภาวะซึมเศร้าหลัง..


 Copyright 2026. Bcnsprnw @Library